[Event "1st 3-0 Thu 29th Jan 2026"]
[Site "chess.com INT"]
[Date "2026.01.29"]
[Round "7"]
[White "Sarana, A."]
[Black "Bluebaum, M."]
[Result "1-0"]
[WhiteElo "2686"]
[BlackElo "2679"]
[PlyCount "91"]
[EventDate "2026.01.29"]

1. d4 {Gutman,Lev} d5 2. c4 e6 3. Nc3 Bb4 4. e3 Nf6 5. a3 Bxc3+ 6. bxc3 c5 7. cxd5 exd5 8. f3 Qa5 ({RR} 8... c4 9. Ne2 ({RR} 9. g4 Nc6) ({RR} 9. g3 Nc6 10. Nh3) ({RR} 9. e4 dxe4 10. Bxc4 ({RR} 10. Bg5 Qa5 11. Qc1 ({RR} 11. Qd2 Nbd7 12. Bxc4 O-O 13. Ne2 b5 14. Ba2 exf3 15. gxf3 Bb7 16. O-O Bd5) 11... Nbd7 12. Bxc4 O-O 13. Ne2 Re8 ({RR} 13... b5 14. Ba2 exf3 15. gxf3 Bb7) 14. Rb1 Qc7 15. Bb3 ({RR} 15. Bb5 a6 16. Bxd7 Nxd7) 15... exf3 16. gxf3 b6 17. Kf2 Ba6) 10... O-O 11. fxe4 ({RR} 11. Ne2 exf3 12. gxf3 Bf5 13. O-O Nbd7 14. Bb3 Rc8 15. c4 Re8 16. Rf2 Nh5 17. Ng3 Bg6 18. Ne4 Ndf6 19. Nc3 h6) 11... Nxe4 12. Nf3 Qc7 13. Qb3 Nd7 14. O-O Nb6 15. Bd3 Be6 ({RR} 15... Qxc3 16. Qb1) 16. Qc2 f5 17. Ng5 Bc4 18. Bd2 Bxd3 19. Qxd3 Qc4 20. Qh3 Nxg5 21. Bxg5 Nd5 22. Bd2 g6 23. Rae1 Nf6) 9... Nc6 ({RR} 9... O-O 10. g4 ({RR} 10. Qc2 Nc6 11. e4 dxe4 12. fxe4 Qa5 13. e5 Re8)) 10. g4 ({RR} 10. Ng3 h5 11. h4 ({RR} 11. Qc2 h4 12. Ne2 Qe7 13. Kf2 g6 ({RR} 13... b5) 14. g4 hxg3+ 15. Nxg3 Be6 16. a4 Na5 17. Ba3 Qc7 18. Bg2 Nb3 19. Rae1 O-O-O) ({RR} 11. e4 h4 12. exd5 hxg3 13. dxc6 Rxh2 14. Rg1 Kf8) 11... Qc7 ({RR} 11... Na5 12. e4 Nb3 13. Rb1 Qa5) 12. Kf2 Na5 13. Qe1 ({RR} 13. e4 dxe4 14. Nxe4 Nd5) 13... Nb3) 10... O-O ({RR} 10... Na5) ({RR} 10... h6) 11. Bg2 Na5 ({RR} 11... Qe7 12. Nf4 ({RR} 12. O-O) 12... b5 ({RR} 12... Na5 13. O-O Nb3 14. Ra2) 13. O-O h6 14. h4 ({RR} 14. e4 dxe4 15. fxe4 Bxg4 16. Qe1) 14... Rd8 ({RR} 14... Qd8 15. e4 Ne7) 15. g5 hxg5 16. hxg5 Ne8 17. e4 Nc7 18. Nxd5 Nxd5 19. exd5 Na5 20. f4 Nb3 21. Ra2 Bb7 22. Re2 Qd7 23. Re5) 12. O-O Nb3 13. Ra2 ({RR} 13. Rb1) 13... b5 ({RR} 13... h6) ({RR} 13... Qa5 14. g5 Nd7 ({RR} 14... Nh5 15. Qe1 Bd7 16. Qh4 g6 17. e4 Rae8 18. Bf4 Nxf4 19. Qxf4 Bc6 20. h4) 15. e4 Nb6 16. Qe1 ({RR} 16. h3 Na4 ({RR} 16... Nxc1 17. Qxc1 Bd7 18. Ng3 Nc8 19. Re2 Ne7 20. f4 dxe4 21. Nxe4 Nd5 22. Nc5 Bc6 23. Bxd5 Bxd5 24. Rfe1) 17. Qe1 f6 18. gxf6 Nxc1 19. Qxc1 Rxf6) 16... f6 ({RR} 16... Nxc1 17. Qxc1 Bd7 18. Ng3) ({RR} 16... Na4 17. Rc2 Bd7 18. Ng3) 17. gxf6 Nxc1 18. Qxc1 Rxf6 19. Ng3 Na4 20. Rc2 Be6 21. e5 Rf7 22. f4 Raf8 23. Qe3) 14. Ng3 ({RR} 14. a4 bxa4 15. Ng3 ({RR} 15. Rxa4 a5 16. g5 Ne8 17. e4 Nc7 18. Ng3 Bd7 19. Ra2 Nxc1 20. Qxc1 a4 21. e5 Rb8 22. f4 Rb3) ({RR} 15. Nf4 Bb7 16. Rxa4 Re8 17. g5 Nd7 18. h4 a5) 15... Nxc1 16. Qxc1 Qa5 17. e4 Rb8 18. g5 Ne8) ({RR} 14. g5 Nd7 ({RR} 14... Nh5 15. e4 f6 16. gxf6 Qxf6 17. Be3 a5 18. Nc1 Nxc1 19. Qxc1 Rb8 20. Rb2 Qe7 21. Qd2 Rb6 22. e5 Bf5 23. Kh1 Bd3 24. Rg1 Rf7 25. Bg5) 15. e4 Nb6 16. Bf4 ({RR} 16. e5 Bf5) 16... a5 ({RR} 16... f6 17. gxf6 Qxf6 18. Qe1) 17. Qe1 Ra7 18. Qg3) 14... a5 15. g5 ({RR} 15. e4) 15... Ne8 16. e4 Nxc1 ({RR} 16... Nc7 17. Be3 Rb8 18. Qe1 b4 19. axb4 axb4 20. Ne2 bxc3 21. Nxc3 Bb7 22. Qg3 Ra8 23. Rxa8 Bxa8 24. Rd1 Bc6) 17. Qxc1 Ra6 ({RR} 17... Rb8 18. Qd2 Nc7 19. e5 Qe7 20. Rb1) 18. e5 Nc7 ({RR} 18... b4 19. axb4 axb4 20. Rxa6 Bxa6 21. cxb4 Qb6 22. Qc3 Nc7 23. f4 Nb5 ({RR} 23... Rb8 24. Ra1) 24. Qe3 Qxd4 25. Qxd4 Nxd4 26. Bxd5 c3 27. Rc1 c2 28. Be4 Rc8 29. Kf2 g6 30. Ke3 Rc4 31. Bd3 Rc3 32. Kxd4 Rxd3+ 33. Kc5) ({RR} 18... g6 19. f4 Ng7 20. Rb2 Rb6 21. Qb1 Qd7 22. f5 Nxf5 23. Nxf5 ({RR} 23. Rxf5 gxf5 24. Nh5 Qe7 25. Nf6+ Rxf6 26. gxf6 Qxa3 27. Qc2 b4 28. Bxd5 Kh8 29. Ra2 b3 30. Rxa3 bxc2 31. Ra1 Be6 32. Bxe6 fxe6 33. Rc1 Ra8 34. Rxc2 Kg8 35. Ra2) 23... gxf5 24. h4 h6 25. Bh3 Qe7 26. Bxf5 Qxa3 27. Rg2 Qxc3 28. Bxc8 Qxd4+ 29. Rff2 Qxe5 30. Bf5 Kh8 31. Qc1 Re8 32. g6) 19. f4 ({RR} 19. Rb2 Qe7 20. Rb1 Rb6 21. f4 b4 22. axb4 axb4 23. cxb4 Rxb4 ({RR} 23... g6 24. Qe3 Bd7 25. f5 Bxf5 26. Nxf5 gxf5 27. Rxf5 Rxb4 28. Rbf1) 24. Qa3 Na6 25. Bxd5 ({RR} 25. Rb2 Qb7 26. Rfb1 Rxb2 27. Qxb2 Qd7 28. Qb6) 25... Qd8 26. Rxb4 Nxb4 27. Qxb4 Qxd5 28. Qc5) 19... b4 20. axb4 ({RR} 20. a4 b3 ({RR} 20... Rb6 21. f5 bxc3 22. Raf2 Na6 ({RR} 22... Rb3 23. e6 fxe6 24. f6 Rb2 25. Rf3 e5 26. Rxc3 exd4 27. Qxb2 dxc3 28. Qxc3 Ne6 29. Nf5 gxf6 30. Bxd5 Kh8 31. gxf6 Qxd5 32. f7+ Nd4 33. Qxd4+ Qxd4+ 34. Nxd4 Kg7 35. Nf5+ Bxf5 36. Rxf5 Rxf7 37. Rxa5) 23. f6 Nb4 24. fxg7 Kxg7 25. Nh5+ Kh8 26. Rxf7 Rxf7 27. Rxf7 Be6 28. Rf6 Nd3 29. Qxc3 Rb1+ 30. Bf1 Bh3 31. Qxa5 Rxf1+ 32. Rxf1 Qxg5+ 33. Ng3 Bxf1 34. Qa8+ Kg7 35. Qa7+) 21. Raf2 Bd7 22. f5 Bxa4 23. f6 Bd7 ({RR} 23... g6 24. Qf4 Re8 ({RR} 24... Ne6 25. Qh4 Kh8 26. Bh3) 25. Qh4 Ree6 26. Nf5 gxf5 ({RR} 26... Qf8 27. Ne7+ Kh8 28. Rf3 h5 29. Bh3 Be8 30. Bg4) 27. Bh3 Kh8 28. Bxf5 Qg8 29. Rf3 Ne8 30. Rh3 Nxf6 31. exf6 Rxf6 32. Qxh7+ Qxh7 33. Rxh7+ Kg8 34. gxf6) 24. fxg7 Kxg7 25. Nh5+ Kh8 26. Rxf7 ({RR} 26. Nf6 Ne8 27. Nxd5 Be6 28. Nf6 Nxf6 29. Rxf6 Rg8) 26... Rxf7 27. Rxf7 Be6 28. Rf6 Qg8 29. g6 hxg6 30. Nf4 ({RR} 30. Qh6+ Qh7 31. Qf8+ Qg8 32. Qh6+ Qh7) 30... Bf7 31. Nxd5 Rxf6 32. Nxf6 Qf8 33. Qg5 Kg7 34. Nh5+ Kh8) ({RR} 20. f5 bxc3 ({RR} 20... b3 21. Raf2 {RR} Kh8 22. Nh5 Rb6 23. Qe3) ({RR} 20... Nb5 21. axb4 axb4 22. Rxa6 Bxa6 23. f6 g6 24. Qf4 ({RR} 24. e6 fxe6 25. Qe3 Bc8 26. cxb4 Nd6) 24... Qb6 25. Qh4 h5 26. Nxh5 bxc3 27. Kh1 Nxd4 28. Ng3 Ne6 29. Nf5 gxf5 30. Qh5 Qb7 31. Bh3 d4+ 32. Bg2) 21. f6 g6 22. Qxc3 ({RR} 22. Qf4 Ne6 23. Qh4 Qb6 24. Ne2 Qb3 25. Nc1 Qb6 26. Ne2) 22... Rb6 23. Qxa5 Rb3) ({RR} 20. Raf2 Nb5 ({RR} 20... bxc3 21. Qxc3 a4 22. Qe3 Rb6 23. f5 Rb3 24. Qf4 Rd3 ({RR} 24... c3 25. f6 Ne6 26. Qh4 Ba6 27. Bh3) 25. Nh5 Nb5 26. e6 Rxd4 27. Qe5 Qxg5 28. Nf4) 21. axb4 axb4 22. cxb4 Nxd4 23. f5 Bb7 ({RR} 23... Nb3 24. Qd1 Bb7 25. Qh5) 24. Nh5 Qb6 25. Qe3 Qa7 26. e6 fxe6 27. Qe5 Bc8 28. b5 Nxb5 29. f6 Ra2 ({RR} 29... Qd4 30. fxg7 Rf5 31. Qb8 Qc5 32. Kh1) 30. Bxd5 Qb6 31. Bxc4 Rxf2 32. Rxf2 Nd4) 20... axb4 21. Rxa6 Nxa6 22. f5 ({RR} 22. cxb4 Nxb4 23. f5 g6 24. Qd2 Nc6) 22... b3 ({RR} 22... bxc3 23. Qxc3 g6 24. Qe3 ({RR} 24. f6 Nc7 25. Rb1 Ne6 26. Qd2 Qc7 27. Ne2) 24... Nc7 25. h4 Bxf5 26. Nxf5 gxf5 27. Rxf5 Ne6 28. Rf6 Qa5 29. Kh2) 23. Qf4 {Anand,V (2775)-Carlsen,M (2870) Chennai 2013 CBM 158 [Gutman,Lev] 0-1} ({RR} 23. f6 g6 24. Qf4 Kh8 25. Qh4 b2 26. Qh6 Rg8 27. Rf4 b1=Q+ 28. Bf1 Qd1 29. Rh4 Qh5 30. Nxh5 gxh5 31. Qxh5 Bf5 32. Qxf7 Nc7) ({RR} 23. Nh5 Nc7 24. Qe3 Kh8 25. h4) ({RR} 23. h4 Nc7 24. h5 Ne8 ({RR} 24... Nb5 25. f6 Be6 26. g6 hxg6 27. hxg6 fxg6 28. Qg5 Nxc3 29. Qxg6 Qc7 30. Nh5) 25. Qf4 ({RR} 25. f6 gxf6 26. gxf6 Kh8 27. Ne2 Rg8 28. Nf4 Nc7) 25... Qa5 26. h6 g6 27. fxg6 hxg6 28. Nh5 Bf5 29. Bh3 Bxh3 30. Nf6+ Kh8 31. Nxe8 f6 32. e6 Qa2 33. Rf2 Qb1+ 34. Kh2 Qe1 35. Nxf6 Bxe6) {RR} 23... Kh8 24. Nh5 Nc7 25. e6 Ne8 ({RR} 25... fxe6 26. Nxg7 Kxg7 27. f6+ Kg8 28. f7+) 26. exf7 Rxf7 27. f6 g6 28. Re1 Nc7 29. Ng7 Kg8 30. h4) 9. Bd2 Qc7 $146 ({RR} 9... c4 10. Ne2 Nc6 11. Ng3 h5 12. h4 Qc7 13. Kf2 Ne7 14. Be2 Nf5 15. Nxf5 Bxf5 16. e4 dxe4 17. Qa4+ Bd7 18. Qxc4 Bc6 19. Qc5 Rd8 20. Qg5 Qe7 {½-½ (20) Martz,W-Pomar Salamanca,A Malaga 1972}) ({RR} 9... c4 10. g4 h6 11. Ne2 Nc6 12. Ng3 Qc7 13. Be2 O-O 14. Kf2 Re8 15. h4 Ne7 16. g5 hxg5 17. hxg5 Nh7 18. e4 a5 19. Rh5 Nf8 20. Qh1 Nfg6 21. Rh7 Bd7 22. Nh5 Kf8 23. Rxg7 Bf5 24. Nf6 {Nikolic,N (2260)-Pikula,R (1953) Herceg Novi MNE 2025 1-0}) ({RR} 9... c4 10. e4 dxe4 11. Bxc4 e3 12. Bxe3 Qxc3+ 13. Kf2 Qxc4 14. Rc1 Qe6 15. d5 Qd7 16. Bc5 Qxd5 17. Qe2+ Be6 18. Nh3 Nbd7 19. Rhd1 Qe5 20. Qb5 a6 21. Qxb7 Rb8 22. Qc6 Qxh2 23. Bd6 Rb2+ 24. Ke3 {Cafolla,P (2080)-Sbia,B (1989) Gibraltar 2006 1-0 (31)}) 10. Ne2 O-O 11. Ng3 h5 12. Bd3 Re8 13. O-O Nc6 14. Re1 h4 15. Nh1 Be6 16. Nf2 Rac8 17. Qa4 a6 18. Rac1 b5 19. Qd1 Qe7 20. Ra1 Red8 21. Qe2 Na5 22. Reb1 Nc4 23. Bc1 cxd4 24. cxd4 Rc7 25. h3 Nh5 26. Qe1 Ng3 27. a4 Bf5 28. axb5 axb5 29. Rxb5 Bxd3 30. Nxd3 Re8 31. Rxd5 Nxe3 32. Re5 Nc2 33. Rxe7 Rcxe7 34. Qxe7 Rxe7 35. Ra8+ Kh7 36. Bg5 Re3 37. Bxe3 Nxe3 38. Re8 Nd5 39. Rd8 Ne3 40. d5 Nc4 41. d6 Nf5 42. d7 Nb6 43. Nc5 Kg6 44. Rb8 Nxd7 45. Nxd7 Ne3 46. Rb6+ 1-0

[Event "Titled Tue 24th Feb 2026"]
[Site "chess.com INT"]
[Date "2026.02.24"]
[Round "6"]
[White "Carlsen, M."]
[Black "Nihal, Sarin"]
[Result "1-0"]
[WhiteElo "2840"]
[BlackElo "2716"]
[PlyCount "111"]
[EventDate "2026.02.24"]

1. d4 {Dautov,Rustem} d5 2. c4 e6 3. Nc3 Be7 4. cxd5 exd5 5. Bf4 c6 6. e3 Bf5 7. Nge2 Nd7 8. Ng3 Bg6 9. Be2 Ngf6 10. h4 h5 11. Bg5 ({RR} 11. a3 a5 12. Rc1 Kf8 13. O-O Kg8 14. f3 Nb6 15. Bd3 Bxd3 16. Qxd3 g6 17. Nge2 Ne8 18. g3 Qd7 19. e4 Bf6 20. Rce1 Ng7 21. Bc1 Ne6 22. e5 Be7) 11... Qb6 ({RR} 11... Bd6 12. f4 Qb6 13. Qd2 O-O-O 14. Rc1 Kb8 15. a3 Rde8 16. Bxf6 Nxf6 17. b4 Re7 18. O-O Rhe8 19. Rf3 Ng4 20. Nf1 Qd8 21. b5 Bxa3 22. Ra1 Bb4 23. bxc6 bxc6 24. Qb2 a5 25. f5 Bh7 26. Na2 {Navara,D (2738)-So,W (2765) Saint Louis 2019 ½-½ (58)}) 12. Qd2 Nf8 $146 ({RR} 12... Bd6 13. Bf4 Be7 14. Bf3 Qa6 15. a3 ({RR} 15. Rd1 Nb6 16. Bg5 Rd8 17. b3 Nbd7 18. Nce2 Qa3 19. O-O Bb4 20. Nc3 Qa5 21. Rc1 O-O 22. a4 Rde8) 15... Nb6 ({RR} 15... Qd3 16. Qxd3 Bxd3 17. O-O-O Bg6 18. Bg5 Rc8 19. Nge2 Bf5 20. Ng3 Bg6 21. Nge2 Bf5 22. Ng3) 16. b3 Qd3 17. Bg5 Qxd2+ 18. Kxd2 a5 19. Nce2 ({RR} 19. Bxf6 Bxf6 20. Nce2) 19... a4 20. b4 Nc4+ 21. Kc3 Nd6 ({RR} 21... Ng4 22. Bxe7 Kxe7 23. Bxg4 hxg4 24. h5 ({RR} 24. Nf4 Bh7) 24... Bh7 25. Rh4 f5 26. Nf4 Kf6) 22. Bxf6 ({RR} 22. Nf4 Nfe4+ 23. Bxe4 Bxe4 24. f3 Bg6 25. Nxg6 fxg6 26. Bxe7 Kxe7 27. Kd3) 22... Bxf6 23. Nf4 Be7 24. Kd2 Nc4+ 25. Kc3 Nd6 26. Raf1 Nc4 27. Nxg6 {McShane,L (2605)-Lutz,C (2609) Germany 2006 CBM 112 [Dautov,Rustem] 1-0 (58)}) ({RR} 12... a5 13. O-O Bd6 14. Bf4 Be7 15. f3 O-O 16. e4 Rfe8 17. Bg5 dxe4 18. fxe4 Bb4 19. Bxf6 Nxf6 20. Rxf6 gxf6 21. Bxh5 Rad8 22. Bxg6 fxg6 23. Qh6 Qxd4+ 24. Kh1 Qd7 25. Qxg6+ Qg7 26. Qxg7+ Kxg7 27. Rf1 {Moroni,L (2563)-Azarov,S (2557) chess.com INT 2026 1-0 (49)}) ({RR} 12... Bd6 13. Bf4 Qc7 14. Rc1 Qb8 15. O-O Nf8 16. b4 Ne6 17. Bxd6 Qxd6 18. b5 Ng4 19. f4 f5 20. bxc6 bxc6 21. Bxg4 fxg4 22. Nce2 Nd8 23. f5 Bf7 24. e4 Qf6 25. e5 Qxh4 26. f6 g6 27. Qb4 {Petrov,N (2548)-Alpin,M (2116) Olginka 2022 1-0}) 13. f4 Qc7 14. O-O-O O-O-O 15. f5 Bh7 16. Bxf6 gxf6 17. Nxh5 Bxf5 18. Rdf1 Be6 19. g4 Ng6 20. Kb1 Rh7 21. Nf4 Nxh4 22. Bd3 Rhh8 23. Qf2 f5 24. gxf5 Nxf5 25. Rxh8 Rxh8 26. Nxe6 fxe6 27. Bxf5 exf5 28. Nxd5 Qd6 29. Nxe7+ Qxe7 30. Qxf5+ Kb8 31. Qf4+ Ka8 32. e4 Re8 33. e5 a6 34. Qf7 Qxf7 35. Rxf7 c5 36. Kc2 cxd4 37. Rf5 Kb8 38. Kd3 Rd8 39. Rf4 Rd5 40. e6 Re5 41. Re4 Rxe4 42. Kxe4 Kc7 43. Kxd4 Kd6 44. e7 Kxe7 45. Kc5 Kd7 46. Kb6 Kc8 47. Ka7 Kc7 48. b4 Kc6 49. a4 Kc7 50. b5 a5 51. Ka8 Kb6 52. Kb8 Kc5 53. Kxb7 Kb4 54. Kc6 Kxa4 55. b6 Ka3 56. b7 1-0

[Event "FIDE Candidates 2026"]
[Site "Pegeia CYP"]
[Date "2026.04.03"]
[Round "5.1"]
[White "Nakamura, Hi"]
[Black "Sindarov, Javokhir"]
[Result "0-1"]
[WhiteElo "2810"]
[BlackElo "2745"]
[PlyCount "82"]
[EventDate "2026.03.29"]

1. d4 d5 2. c4 e6 3. Nc3 c6 4. e4 dxe4 5. Nxe4 Bb4+ 6. Bd2 Qxd4 7. Bxb4 Qxe4+ 8. Be2 Na6 9. Bd6 Qxg2 10. Bf3 Qg5 11. Ne2 Ne7 12. Ng3 O-O ({RR} 12... e5 13. Qb3 O-O 14. h4 Qf6 15. Ne4 Qe6 16. O-O-O Re8 17. Rhg1 Nf5 18. Bh5 Nd4 19. Qd3 g6 20. f4 c5 21. fxe5 Nb4 22. Qf1 Qf5 23. Rxd4 cxd4 24. Nf6+ Kh8 25. Bxb4 Rxe5 26. Bd1 Be6 27. Bd6 {Abdusattorov,N (2716)-Erigaisi,A (2712) Doha QAT 2023 1-0 (49)}) ({RR} 12... Qa5+ 13. b4 Nxb4 14. O-O Na6 15. Re1 Qd8 16. Qd4 c5 17. Qe5 Ng6 18. Qd4 Ne7 19. Qxg7 Rg8 20. Qc3 Rh8 21. Qd4 {½-½ (21) Kalambetov,A (2099)-Binboga,Y (2221) Cesme TUR 2026}) 13. h4 $146 ({RR} 13. Ne4 Qa5+ 14. b4 Qd8 15. Rg1 f6 16. Qc2 e5 17. Rd1 Nf5 18. b5 Qa5+ 19. Qd2 Qxd2+ 20. Rxd2 Nxd6 21. Rxd6 cxb5 22. Nxf6+ Kh8 23. Nd7 Bxd7 24. Bxb7 Nc5 25. Bxa8 Rxa8 26. cxb5 Bxb5 27. Rd5 Rc8 {Venkatesan,K (2202)-Smeets,K (2322) Prague CZE 2024 ½-½ (72)}) ({RR} 13. Ne4 Qa5+ 14. b4 Qd8 15. Rg1 f6 16. Qc2 e5 17. Rd1 Nf5 18. b5 Qa5+ 19. Qd2 Qxd2+ 20. Rxd2 Nxd6 21. Rxd6 cxb5 22. Nxf6+ Kh8 23. Nd7 Bxd7 24. Bxb7 Nc5 25. Bxa8 Rxa8 26. cxb5 Bxb5 27. Rd5 Rc8 {Venkatesan,K (2202)-Smeets,K (2322) Prague CZE 2024 ½-½ (72)}) 13... Qa5+ 14. b4 Nxb4 15. O-O Re8 16. Qd2 c5 17. Rad1 Nf5 18. Nxf5 exf5 19. Qf4 Nc6 20. Kh1 Nd4 21. Rg1 g6 22. Bd5 Be6 23. Bxb7 Ne2 24. Qd2 Qxd2 25. Rxd2 Nxg1 26. Bxa8 Rxa8 27. Kxg1 Rd8 28. Bf4 Rxd2 29. Bxd2 Bxc4 30. Be3 Bxa2 31. Bxc5 a5 32. f4 f6 33. Kf2 Kf7 34. Ba3 Ke6 35. Bf8 a4 36. Ke3 Kf7 37. Bb4 h6 38. Kf2 g5 39. Kg3 Bd5 40. Ba3 Be4 41. Bc1 gxh4+ 0-1

[Event "2nd 3-0 Thu 12th Feb 2026"]
[Site "chess.com INT"]
[Date "2026.02.12"]
[Round "9"]
[White "Maghsoodloo, Parham"]
[Black "Svane, R."]
[Result "1/2-1/2"]
[WhiteElo "2708"]
[BlackElo "2609"]
[PlyCount "118"]
[EventDate "2026.02.12"]

1. c4 e6 2. Nc3 d5 3. d4 a6 4. cxd5 exd5 5. Bf4 Nf6 6. e3 Bd6 7. Bg5 c6 8. Bd3 h6 9. Bh4 O-O 10. Nf3 ({RR} 10. Nge2 Re8 11. Qc2 Nbd7 12. Rb1 Qc7 13. Bg3 Nf8 14. b4 Bg4 15. a4 Bxe2 16. Nxe2 Ne6 17. O-O h5 18. b5 axb5 19. axb5 h4 20. b6 Qb8 21. Bxh4 Bxh2+ 22. Kh1 g5 23. Bg3 Bxg3 24. Nxg3 Ng7 {Maghsoodloo,P (2699)-Andreikin,D (2729) Chess.com INT 2022 1-0 (41)}) ({RR} 10. Nge2 Re8 11. Qc2 Be6 12. h3 c5 13. dxc5 Bxc5 14. O-O Nc6 15. a3 Rc8 16. Rad1 Be7 17. Bf5 Qa5 18. Bxe6 fxe6 19. Nf4 Bd8 20. Qb1 Ne5 21. Bxf6 Bxf6 22. Nh5 Rf8 23. e4 dxe4 24. Nxf6+ Rxf6 {Ibrahimli,M (2447)-Svane,R (2620) chess.com INT 2025 1-0 (64)}) 10... Re8 11. O-O Bg4 12. Bg3 $146 ({RR} 12. Qb3 Ra7 13. Nd2 Nbd7 14. Rae1 g5 15. Bg3 Bxg3 16. fxg3 Be6 17. Qc2 Kg7 18. h3 Qc7 19. g4 c5 20. Nf3 c4 21. Bf5 Qd6 22. Bxe6 Rxe6 23. e4 dxe4 24. Nxe4 Nxe4 25. Rxe4 Ra8 26. Rfe1 Rxe4 {Schwabeneder,F (2423)-Dragnev,V (2547) Innsbruck AUT 2025 1-0 (48)}) ({RR} 12. Qc2 Nbd7 13. Rae1 Qc7 14. Bg3 Re7 15. Bxd6 Qxd6 16. Nh4 g5 17. Nf5 Bxf5 18. Bxf5 Rae8 19. Qd3 Nb6 20. b3 Kg7 21. Re2 Qd8 22. f3 Kg8 23. e4 Nh5 24. g3 Ng7 25. e5 Nxf5 26. Qxf5 Qd7 {Van der Werf,M (2390)-Farrell,N (2129) Rabat 2025 1-0 (38)}) ({RR} 12. Qb3 Ra7 13. Nd2 Nbd7 14. Rae1 g5 15. Bg3 Bxg3 16. fxg3 Be6 17. Qc2 Kg7 18. h3) 12... Bxg3 13. hxg3 Nbd7 14. Qc2 Rc8 15. b4 Qe7 16. Rab1 Qd6 17. Na4 Re7 18. Nc5 Bxf3 19. gxf3 Nf8 20. a4 g6 21. Qd2 Kg7 22. b5 axb5 23. axb5 Ne6 24. Rfc1 Nxc5 25. Rxc5 Rec7 26. bxc6 bxc6 27. Rbc1 Nd7 28. R5c2 c5 29. dxc5 Rxc5 30. Rxc5 Rxc5 31. Rd1 Qe5 32. f4 Qc3 33. Qe2 Nf6 34. Kg2 Ra5 35. Qc2 Qxc2 36. Bxc2 Rb5 37. Bd3 Rc5 38. Be2 h5 39. Bf3 Kf8 40. Rd4 Kg7 41. Bd1 Rb5 42. Kf1 Kf8 43. f3 Ra5 44. g4 hxg4 45. fxg4 Ne8 46. Bf3 Nc7 47. Rb4 Ra7 48. Kf2 Ke7 49. Kg3 Ra6 50. Rb7 Kd6 51. f5 gxf5 52. gxf5 f6 53. Bh5 Ra3 54. Kf4 Ra4+ 55. Kf3 Ra3 56. Kf2 Ra2+ 57. Kf3 Ra3 58. Kf4 Ra4+ 59. Kf3 Ra3 1/2-1/2

[Event "KazChess Masters 2025"]
[Site "Almaty KAZ"]
[Date "2025.11.28"]
[Round "8.3"]
[White "Sarana, A."]
[Black "Murzin, Volodar"]
[Result "1-0"]
[WhiteElo "2675"]
[BlackElo "2655"]
[PlyCount "151"]
[EventDate "2025.11.21"]

1. d4 d5 2. c4 e6 3. Nc3 h6 4. Nf3 Nf6 5. g3 Be7 6. Bg2 O-O 7. O-O dxc4 8. Qa4 ({RR} 8. Ne5 Nc6 9. Nxc6 bxc6 10. Qa4 Rb8 11. Bxc6 Bd7 12. Bxd7 Qxd7 13. Qxc4 Rb4 14. Qd3 Rxd4 15. Qf3 Nd5 16. Be3 Rb4 17. Rfd1 c6 18. Bd4 Qb7 19. Be5 f6 20. Nxd5 exd5 21. Bc3 Re4 22. e3 f5 {Altman,J (2222)-Kung,T (2169) Oak Brook, IL USA 2026 ½-½ (38)}) 8... a6 9. Qxc4 b5 10. Qd3 $146 ({RR} 10. Qb3 Bb7 11. Bf4 Nbd7 12. Rfd1 Rc8 13. Ne5 Bxg2 14. Kxg2 Nxe5 15. dxe5 Nd7 16. a4 Nc5 17. Qc2 Qe8 18. axb5 axb5 19. b4 Qc6+ 20. f3 Na4 21. Rdc1 Nxc3 22. Qxc3 Qxc3 23. Rxc3 Bxb4 24. Rc6 g5 {Kavutskiy,K (2342)-Aradhya,G (2405) chess.com INT 2024 0-1 (55)}) 10... Bb7 11. Ne5 Bxg2 12. Kxg2 c5 13. dxc5 Bxc5 14. Qf3 Ra7 15. Rd1 Qc7 16. Bf4 Qb7 17. Rac1 Bb6 18. a4 Bc7 19. Nd3 Bxf4 20. gxf4 Qxf3+ 21. Kxf3 bxa4 22. Nxa4 Nbd7 23. Rc6 Re8 24. e4 Nf8 25. Nac5 a5 26. Ra1 Rea8 27. Ra4 N6d7 28. Ke3 Nxc5 29. Rxc5 Nd7 30. Rc6 Kf8 31. h4 Ke7 32. f3 Rb8 33. Ra1 Rba8 34. Rc3 g6 35. Rb3 a4 36. Rba3 Nb6 37. Rc3 a3 38. b3 Nd7 39. Ra2 Kf6 40. Nb4 Nb6 41. Nc2 g5 42. hxg5+ hxg5 43. b4 Ra4 44. Rc7 R4a7 45. Rc3 Ra4 46. Rc5 gxf4+ 47. Kxf4 Nd7 48. Rc3 Ne5 49. Raxa3 Rxa3 50. Nxa3 Ra4 51. Nc2 Ra2 52. Ke3 Ke7 53. Nd4 Kd7 54. b5 Ra4 55. Nc2 Nc4+ 56. Kd4 Nb6+ 57. Kd3 Ra5 58. Rc5 Na4 59. Rh5 Nb6 60. Kc3 Kd6 61. Kb4 Ra7 62. Rh7 Ra4+ 63. Kb3 Ra7 64. Na3 Kc5 65. Rh1 Kd4 66. Rc1 Ke3 67. Nc4+ Nxc4 68. Rxc4 Kxf3 69. e5 f6 70. exf6 e5 71. b6 Rb7 72. Rb4 e4 73. f7 Rb8 74. Rb5 Kg3 75. Kc2 e3 76. Kd3 1-0

[Event "2nd 3-0 Thu 27th Nov 2025"]
[Site "chess.com INT"]
[Date "2025.11.27"]
[Round "6"]
[White "Maghsoodloo, Parham"]
[Black "Tabatabaei, M."]
[Result "1-0"]
[WhiteElo "2701"]
[BlackElo "2681"]
[PlyCount "81"]
[EventDate "2025.11.27"]

1. c4 e6 2. Nc3 d5 3. d4 Be7 4. cxd5 exd5 5. Bf4 c6 6. e3 Bf5 7. Nge2 Nd7 8. Ng3 Bg6 9. Be2 Ngf6 10. h4 h6 11. h5 Bh7 12. Bd3 Bxd3 13. Qxd3 Nf8 14. Nf5 Ne6 15. Be5 O-O $146 ({RR} 15... Qd7 16. O-O-O O-O-O 17. Kb1 Ne8 18. Rc1 Bf6 19. Bg3 N8c7 20. Nd6+ Kb8 21. Na4 Qe7 22. Rxc6 bxc6 23. Qb3+ Nb5 24. Nf5+ {1-0 (24) Ivanisevic,I (2641)-Izsak,G (2430) Hungary 2016}) ({RR} 15... Qd7 16. a3 O-O 17. Bxf6 Bxf6 18. O-O Rfe8 19. Rad1 Rad8 20. e4 Nxd4 21. Nxd4 dxe4 22. Nxe4 Bxd4 23. Qf3 Qd5 24. Rfe1 Kf8 25. Kh1 Re5 26. Nd2 Rxh5+ 27. Kg1 Rf5 {0-1 (27) Faizrakhmanov,R (2423)-Davtyan,A (2308) Moscow 2018}) 16. f3 Re8 17. g4 Bf8 18. O-O-O Nd7 19. Bg3 b5 20. Kb1 a5 21. e4 b4 22. Na4 dxe4 23. fxe4 Ng5 24. Bh4 Nf6 25. Bxg5 hxg5 26. e5 Nxg4 27. Qf3 Nh6 28. Nxh6+ gxh6 29. Qxc6 Rc8 30. Qe4 Bg7 31. Rhf1 Qe7 32. Nb6 Rcd8 33. Nd5 Qe6 34. Ne3 f6 35. Nf5 Qd5 36. Qc2 Rc8 37. Qd3 Bf8 38. Ne3 Qf7 39. Ng4 Bg7 40. exf6 Bf8 41. Qg6+ 1-0

[Event "25th European Teams"]
[Site "Batumi GEO"]
[Date "2025.10.13"]
[Round "8.3"]
[White "Indjic, A."]
[Black "Bluebaum, M."]
[Result "1/2-1/2"]
[WhiteElo "2618"]
[BlackElo "2687"]
[PlyCount "61"]
[EventDate "2025.10.05"]
[WhiteTeam "Serbia"]
[BlackTeam "Germany"]
[WhiteTeamCountry "SRB"]
[BlackTeamCountry "GER"]

1. d4 d5 2. c4 e6 3. Nc3 Be7 4. cxd5 exd5 5. Bf4 Nf6 6. e3 O-O 7. Bd3 c5 8. dxc5 Bxc5 9. Nf3 Nc6 10. O-O d4 11. exd4 ({RR} 11. Ne4 Nxe4 12. Bxe4 dxe3 13. Bxh7+ Kxh7 14. Qc2+ Kg8 15. Qxc5 e2 16. Rfe1 Bg4 17. Rxe2 Bxf3 18. gxf3 Nd4 19. Re4 Nxf3+ 20. Kg2 Nh4+ 21. Kh1 Rc8 22. Qg5 Qxg5 23. Bxg5 Nf5 24. Rd1 Rc2 25. Rd2 Rxd2 {Rustemov,A (2525)-Levitan,C (2295) chess.com INT 2026 1-0 (56)}) 11... Nxd4 12. h3 ({RR} 12. Nxd4 Bxd4 13. Qc2 Be6 ({RR} 13... Bd7 14. Rad1 Qb6 15. Qd2 Bg4 16. Be2 Bxc3 17. bxc3 Ne4 18. Bxg4 Nxd2 19. Bxd2 Rfd8 20. Be3 Qa5 21. Bf3 Rxd1 22. Rxd1 Qxa2 23. Bxb7 Rb8 24. h3 Qb3 25. Bf3 a5 26. Rc1 a4 27. c4 a3 28. c5) ({RR} 13... Bg4 14. h3 Bh5 15. Bg5 h6 16. Bh4 Rc8 17. Bf5 Rc5 18. g4 Bxc3 19. bxc3 Bg6 20. Bxg6 fxg6 21. Qxg6 Rxc3 22. Rad1 Qc7 23. Bg3 Rxg3+ 24. fxg3 Qxg3+ 25. Kh1 Qxh3+ 26. Kg1 Qg3+ 27. Kh1 Qh3+ 28. Kg1) ({RR} 13... Bxc3 14. Qxc3 Nd5 15. Qc2 Nxf4 16. Bxh7+ Kh8 17. Qe4 Qg5 18. h4 Qxg2+ 19. Qxg2 Nxg2 20. Kxg2 Kxh7 21. h5 Bd7 22. Rad1 Bc6+ 23. Kg3 Rad8 24. Rde1 Rfe8 25. Rc1 Rd3+ 26. f3 Ree3 27. h6 Rxf3+ 28. Rxf3) 14. Rad1 Qb6 15. Na4 Qa5 16. Bxh7+ Nxh7 17. Rxd4 Rac8 18. Nc3 b5 19. a3 Rfd8 20. Rxd8+ Qxd8 21. Rd1 Qf6 22. Qd2 Nf8 23. Ne4 Qg6 24. f3 Bf5 25. Nc3 Ne6 26. Be3 a5 {Naroditsky,D (2619)-Bluebaum,M (2687) chess.com INT 2025 ½-½ (56)}) 12... Be6 $146 ({RR} 12... Bf5 13. Bxf5 Nxf5 14. Qb3 Qb6 15. Qxb6 axb6 16. Bg5 Nd4 17. Ne5 Rfe8 18. Bxf6 gxf6 19. Nd7 Kg7 20. Nd5 Re2 21. b4 Bf8 22. N5xf6 Rexa2 23. Rxa2 Rxa2 24. Rd1 Ne2+ 25. Kf1 Bxb4 26. Ne8+ Kh6 27. Ne5 {Plyasunov,D (2289)-Grot,B (2146) chess.com INT 2024 0-1 (61)}) 13. Be5 Nxf3+ 14. Qxf3 Bd4 15. Rfe1 Bxe5 16. Rxe5 a6 17. Rae1 Qb6 18. Rg5 h6 19. Rg3 Kh8 20. Qe2 Rad8 21. Re3 Rd4 22. a3 Rfd8 23. b4 Qc6 24. Bb1 Rd2 25. Qf3 Qxf3 26. Rxf3 Kg8 27. Ne4 Nxe4 28. Bxe4 b6 29. Rc3 a5 30. bxa5 bxa5 31. Bc2 1/2-1/2